MARC

LEADER 00000nam0a2200000 4500
001 144590
005 20231101221115.0
010 |a 5759505408 
020 |a RU  |b 90-25007 
035 |a (RuTPU)RU\TPU\book\156688 
035 |a RU\TPU\book\156687 
090 |a 144590 
100 |a 20081006g1990 m y0rusy5003 ca 
101 0 |a rus 
102 |a RU 
105 |a a z 000ay 
200 1 |a Емельян Пугачев  |e Историческое повествование  |h Кн. 3   |v Ч. 1, 2  |f В. Я Шишков  |g авт. послесл. В. Л. Бахметьев ; худож. А. Коровин 
210 |a Саранск  |c Мордов. кн. изд-во  |d 1990 
215 |d 21 см  |e (ил.)  |a 528 с.  |c ил. 
600 1 |a Пугачев  |g Емельян Иванович  |b Е. И.  |c донской казак  |c предводитель Крестьянской войны 1773 - 1775  |f 1740/1742-1775  |2 stltpush  |3 (RuTPU)RU\TPU\pers\1267 
610 1 |a Россия 
610 1 |a Крестьянская война под руководством Емельяна Пугачева 1773-1775 гг. 
610 1 |a 18 век 
610 1 |a исторические романы 
675 |a Р2  |z rus 
700 1 |a Шишков  |b В. Я  |c русский писатель  |f 1873-1945  |g Вячеслав Яковлевич  |2 stltpush  |3 (RuTPU)RU\TPU\pers\3639  |9 792 
702 1 |a Бахметьев  |b В. Л.  |4 075 
702 1 |a Коровин  |b А.  |4 440 
801 0 |a RU  |b RuMRKP  |c 19950417  |g psbo 
801 1 |a RU  |b 63413507  |c 20081006  |g PSBO 
801 2 |a RU  |b 63413507  |c 20081006  |g PSBO 
942 |c BK